|
|
|
|
| LEADER |
00796nam a2200229 a 4500 |
| 001 |
c000093832 |
| 003 |
CARM |
| 005 |
00000000000000.0 |
| 008 |
940519s1935 enk 00011 eng d |
| 019 |
1 |
|
|a 10894451
|z 45912980
|5 LACONCORD2021
|
| 035 |
|
|
|a (OCoLC)154567765
|5 LACONCORD2021
|
| 040 |
|
|
|a VLINC
|c VLINC
|
| 100 |
1 |
|
|a Brittain, Vera,
|d 1893-1970.
|
| 245 |
1 |
4 |
|a The dark tide /
|c by Vera Brittain.
|
| 250 |
|
|
|a Cheap ed.
|
| 260 |
|
|
|a London :
|b Richards,
|c 1935.
|
| 300 |
|
|
|a 320 p. ;
|c 19 cm.
|
| 500 |
|
|
|a First published: 1923.
|
| 852 |
8 |
|
|b CARM
|h A2:AO18A0
|i A01088
|p 0110944
|f BK
|
| 082 |
0 |
4 |
|a 823.912
|2 20
|
| 999 |
f |
f |
|i ef8b6589-b450-5e94-8530-a2a9f3d6c661
|s 88683bcd-fcce-5024-aec5-7ed9e8f41dd7
|
| 952 |
f |
f |
|p Can circulate
|a CAVAL
|b CAVAL
|c CAVAL
|d CARM 1 Store
|e A01088
|f A2:AO18A0
|h Other scheme
|i book
|m 0110944
|